| 000 | 00753nam a2200205 i 4500 | ||
|---|---|---|---|
| 001 | 190316 | ||
| 003 | ES-MaACL | ||
| 005 | 20240203062554.0 | ||
| 008 | 201106s1866 sp |||| | spa d | ||
| 080 | _a347 | ||
| 100 | 1 |
_aValls y Castillo, Domingo. _9170695 |
|
| 245 | 1 | 0 |
_aDiscurso leído ante el claustro de la Universidad Central... / _cpor Domingo Valls y Castillo. |
| 260 |
_aMadrid : _bJosé M. Ducazcal, _c1866. |
||
| 300 |
_a31 p. ; _c25 cm. |
||
| 594 | _aTema: La facultad de testar ¿es un derecho fundado en la naturaleza humana, o es creación arbitraria de las leyes positivas? | ||
| 650 | 4 |
_aLibertad de testar. _9165780 |
|
| 710 | 2 |
_aUniversidad Central (Madrid) _97084 |
|
| 852 | 4 |
_aES-MaACL _jT-66-F-2 |
|
| 999 |
_c190316 _d190316 |
||